000 00511nam a2200169Ia 4500
008 090711s9999 xx 000 0 und d
082 _b42013
100 _aखरे सुरेश
245 _aमंतरलेली Sौत्रवेल
260 _c1980
300 _a83
600 _aखरे सुरेश
630 _aमंतरलेली Sौत्रवेल
700 _aखरे सुरेश
730 _aमंतरलेली Sौत्रवेल
942 _cBOOK
999 _c306470
_d306470